[Event "Kesan op 10th"]
[Site "Kesan"]
[Date "2012.07.31"]
[Round "5"]
[White "Cingoz, Ozan"]
[Black "Tutisani, Noe"]
[Result "0-1"]
[WhiteElo "1796"]
[BlackElo "1950"]
[PlyCount "94"]
[EventDate "2012.07.28"]
[EventType "swiss"]
[EventRounds "9"]
[EventCountry "TUR"]
[SourceTitle "CBM 149 Extra"]
[Source "ChessBase"]
[SourceDate "2012.08.24"]
[SourceVersion "1"]
[SourceVersionDate "2012.08.24"]
[SourceQuality "1"]

1. d4 Nf6 2. c4 g6 3. Nc3 d5 4. cxd5 Nxd5 5. e4 Nxc3 6. bxc3 Bg7 7. Bc4 c5 8. Ne2 0-0 9. 0-0 Nc6 10. Be3 Na5 11. Bd3 b6 12. Rc1 e5 13. dxc5 bxc5 14. Bxc5 Bh6 15. Bb5 Bxc1 16. Qxc1 Be6 17. Rd1 Qc7 18. Bxf8 Rxf8 19. Qa3 Rb8 20. Qa4 Bxa2 21. Ra1 Bc4 22. Bxc4 Nxc4 23. h3 Rb2 24. Nc1 a5 25. Ra2 Rb1 26. Qc2 Qb6 27. Kh2 Rb2 28. Rxb2 Qxb2 29. Qxb2 Nxb2 30. Kg3 Kg7 31. Kf3 Kf6 32. Ke2 Ke6 33. Kd2 Kd6 34. Kc2 Nc4 35. Nd3 a4 36. Nb4 f5 37. Kd3 Na5 38. f3 Nb3 39. Kc2 fxe4 40. fxe4 Nc5 41. Na2 Nxe4 42. Kd3 Nc5+ 43. Kc4 Nb3 44. Kb4 e4 45. Kxa4 e3 46. Nb4 e2 47. Nc2 Nc5+ 0-1

[Event "Izmir op 10th"]
[Site "Izmir"]
[Date "2011.09.04"]
[Round "5"]
[White "Cingoz, Ozan"]
[Black "Rzayev, Askar Aliakbar"]
[Result "1/2-1/2"]
[WhiteElo "1771"]
[BlackElo "2087"]
[PlyCount "155"]
[EventDate "2011.09.01"]
[EventType "swiss"]
[EventRounds "9"]
[EventCountry "TUR"]
[SourceTitle "CBM 144 Extra"]
[Source "ChessBase"]
[SourceDate "2011.10.28"]
[SourceVersion "1"]
[SourceVersionDate "2011.10.28"]
[SourceQuality "1"]

1. d4 Nf6 2. Nf3 d5 3. Bf4 c5 4. c3 e6 5. e3 Nc6 6. Nbd2 Qb6 7. Qb3 c4 8. Qxb6 axb6 9. a3 b5 10. 0-0-0 Bd7 11. h3 Be7 12. Re1 0-0 13. e4 dxe4 14. Nxe4 Nxe4 15. Rxe4 Na5 16. Nd2 Bc6 17. Re1 Bd5 18. Rg1 f6 19. Be2 Kf7 20. Bh5+ g6 21. Bf3 Bxf3 22. Nxf3 Nb3+ 23. Kc2 g5 24. Bh2 Rfd8 25. Re2 Ra6 26. Nd2 Nxd2 27. Rxd2 Rd5 28. Re2 h5 29. g4 hxg4 30. hxg4 Rd8 31. f4 gxf4 32. Bxf4 Rg8 33. Reg2 Rg6 34. g5 f5 35. Rh1 Bd6 36. Be5 Bxe5 37. dxe5 Rc6 38. Rd1 Ke7 39. Rh1 Rg7 40. Rh8 Rc5 41. Rb8 Rxe5 42. Rxb7+ Kf8 43. Rb6 Kf7 44. Kd2 Kg6 45. Re2 Rd7+ 46. Ke1 Rxe2+ 47. Kxe2 Re7 48. Rxb5 Kxg5 49. a4 Rc7 50. Kf3 Kf6 51. Kf4 Rh7 52. a5 Rh3 53. Rb6 Rh1 54. Rc6 Ra1 55. a6 Ra5 56. Rb6 Ra2 57. Rc6 Rxb2 58. Rxc4 e5+ 59. Ke3 f4+ 60. Ke4 Re2+ 61. Kd3 Ra2 62. Ke4 Rxa6 63. Rc5 Ra4+ 64. c4 Kg5 65. Rxe5+ Kg4 66. Kd5 f3 67. Re8 Ra7 68. Rf8 Rd7+ 69. Kc6 Rd4 70. c5 Rf4 71. Rxf4+ Kxf4 72. Kb7 f2 73. c6 f1Q 74. c7 Qb5+ 75. Ka8 Qd7 76. Kb8 Ke5 77. c8Q Qxc8+ 78. Kxc8 1/2-1/2

[Event "World School-ch U13 6th"]
[Site "Kayseri"]
[Date "2010.07.25"]
[Round "5"]
[White "Cuhendi, Sean Winshand"]
[Black "Cingoz, Ozan"]
[Result "1/2-1/2"]
[WhiteElo "1722"]
[BlackElo "1769"]
[PlyCount "42"]
[EventDate "2010.07.21"]
[EventType "swiss"]
[EventRounds "9"]
[EventCountry "TUR"]
[SourceTitle "CBM 137 Extra"]
[Source "ChessBase"]
[SourceDate "2010.09.01"]
[SourceVersion "1"]
[SourceVersionDate "2010.09.01"]
[SourceQuality "1"]

1. e4 c5 2. Nf3 d6 3. d4 cxd4 4. Nxd4 Nf6 5. Nc3 g6 6. Be3 Bg7 7. f3 0-0 8. Qd2 Nc6 9. g4 Be6 10. 0-0-0 Rc8 11. Kb1 Qa5 12. a3 Rfd8 13. g5 Nxd4 14. Bxd4 Nh5 15. Bxg7 Nxg7 16. Be2 Rc5 17. f4 Rdc8 18. Nd5 Qxd2 19. Rxd2 Bxd5 20. exd5 Nf5 21. Bg4 Rc4 1/2-1/2